Statistiken für ELF Teams 2024

Klicken Sie hier um das Quiz zu spielen!

Allgemein

  • Dieses Quiz wurde 22 mal gespielt
  • Das Durchschnittsergebnis liegt bei 13 aus 17

Antwortstatistiken

LandTeam% Korrekt
SpanienBarcelona Dragons
90%
FrankreichParis Musketeers
90%
DeutschlandRhein Fire
90%
DeutschlandStuttgart Surge
90%
ÖsterreichVienna Vikings
90%
DeutschlandFrankfurt Galaxy
85%
TschechienPrague Lions
85%
DeutschlandCologne Centurions
80%
DeutschlandHamburg Sea Devils
80%
DeutschlandMunich Ravens
80%
PolenPanthers Wrocław
80%
DeutschlandBerlin Thunder
75%
ItalienMilano Seamen
75%
ÖsterreichRaiders Tirol
75%
SpanienMadrid Bravos
65%
UngarnFehérvár Enthroners
55%
SchweizHelvetic Guards
50%

Verteilung der Resultate

Perzentil nach korrekt beantworteten Fragen

Anzahl Personen mit jedem Resultat

Ihre Resultats-Entwicklung

Sie haben dieses Quiz noch nicht gespielt